[Event "Batatais op 3rd"]
[Site "Batatais"]
[Date "2013.12.22"]
[Round "5"]
[White "Da Silva, Robson Batista"]
[Black "Kikuchi Cadilhac, Mariana Sawae"]
[Result "1-0"]
[WhiteElo "1675"]
[BlackElo "1859"]
[PlyCount "67"]
[EventDate "2013.12.20"]
[EventType "swiss"]
[EventRounds "6"]
[EventCountry "BRA"]
[SourceTitle "CBM 158 Extra"]
[Source "ChessBase"]
[SourceDate "2014.02.28"]
[SourceVersion "1"]
[SourceVersionDate "2014.02.28"]
[SourceQuality "1"]

1. e4 e5 2. Nf3 Nc6 3. Bc4 Nf6 4. d3 h6 5. c3 Be7 6. Bb3 0-0 7. Nbd2 d6 8. Nf1 Be6 9. Bc2 d5 10. Qe2 dxe4 11. dxe4 Bd6 12. Ne3 Qd7 13. 0-0 a6 14. Nh4 Nh7 15. Nhf5 Bxf5 16. Nxf5 Ne7 17. Qg4 Nxf5 18. exf5 Nf6 19. Qh4 Rfe8 20. Bxh6 e4 21. Qg5 Bf8 22. Bxg7 Bxg7 23. h4 Re5 24. g4 Nh7 25. Qf4 Qc6 26. g5 Ree8 27. Bb3 Be5 28. Qg4 Kf8 29. Qh5 Qd7 30. Qxh7 Ke7 31. Rad1 Qxd1 32. Qxf7+ Kd8 33. Rxd1+ Kc8 34. Qxe8# 1-0

[Event "Batatais op 3rd"]
[Site "Batatais"]
[Date "2013.12.21"]
[Round "3"]
[White "Da Silva, Robson Batista"]
[Black "Dias, Matheus Nunes"]
[Result "0-1"]
[WhiteElo "1675"]
[BlackElo "1607"]
[PlyCount "98"]
[EventDate "2013.12.20"]
[EventType "swiss"]
[EventRounds "6"]
[EventCountry "BRA"]
[SourceTitle "CBM 158 Extra"]
[Source "ChessBase"]
[SourceDate "2014.02.28"]
[SourceVersion "1"]
[SourceVersionDate "2014.02.28"]
[SourceQuality "1"]

1. e4 e5 2. Nf3 Nc6 3. Bc4 Bc5 4. c3 d6 5. Bb3 Nf6 6. d3 0-0 7. Bg5 Be6 8. Bc2 d5 9. Qe2 dxe4 10. dxe4 Be7 11. Nbd2 Nd7 12. h4 h6 13. Be3 Bc5 14. Nf1 Bg4 15. Bxc5 Nxc5 16. Ne3 Bxf3 17. Qxf3 Nd3+ 18. Bxd3 Qxd3 19. Rd1 Qb5 20. b3 Ne7 21. Nd5 Qc5 22. b4 Qd6 23. 0-0 Nxd5 24. Rxd5 Qa6 25. Ra5 Qe6 26. Rd5 c6 27. Rd2 Rad8 28. Rfd1 Rxd2 29. Rxd2 Qe7 30. g3 c5 31. b5 a6 32. bxa6 bxa6 33. Qd1 Qb7 34. Rd5 Re8 35. Qb3 Qc7 36. c4 Qa5 37. Kf1 Kh7 38. Qb2 f6 39. h5 Rc8 40. Qe2 Qa4 41. Kg2 Qb4 42. Qg4 Rf8 43. Qe2 a5 44. Rd7 a4 45. Qf3 Qxc4 46. a3 Kh8 47. Qe3 Rb8 48. Rc7 Rb1 49. Kf3 Rb3 0-1

[Event "Altinopolis op 2nd"]
[Site "Altinopolis"]
[Date "2013.??.??"]
[Round "3"]
[White "Da Silva, Robson Batista"]
[Black "Polli, Lucas Ribeiro"]
[Result "1-0"]
[WhiteElo "1703"]
[BlackElo "1666"]
[PlyCount "63"]
[EventDate "2013.03.22"]
[EventType "swiss"]
[EventRounds "6"]
[EventCountry "BRA"]
[SourceTitle "CBM 153 Extra"]
[Source "ChessBase"]
[SourceDate "2013.04.22"]
[SourceVersion "1"]
[SourceVersionDate "2013.04.22"]
[SourceQuality "1"]

1. e4 c5 2. c3 d5 3. exd5 Qxd5 4. d4 cxd4 5. cxd4 Nc6 6. Nf3 e5 7. Nc3 Bb4 8. Bd2 Bxc3 9. Bxc3 e4 10. Ne5 Nxe5 11. dxe5 Ne7 12. Be2 0-0 13. 0-0 Bf5 14. Qa4 Qe6 15. Rfd1 Qc6 16. Bb5 Qc7 17. Rd6 Rfd8 18. Rad1 a6 19. Bxa6 Rf8 20. Ba5 Qc5 21. b4 Qxe5 22. Bxb7 Rab8 23. Ba6 e3 24. fxe3 Qxe3+ 25. Kh1 Ng6 26. Bf1 Nf4 27. b5 Rfc8 28. Bd2 Bc2 29. Qxc2 Qe7 30. Bc3 Qe3 31. Qd2 Qe7 32. Bb4 1-0

[Event "Altinopolis op 2nd"]
[Site "Altinopolis"]
[Date "2013.??.??"]
[Round "4"]
[White "Ribeiro, Allysson"]
[Black "Da Silva, Robson Batista"]
[Result "1-0"]
[WhiteElo "1916"]
[BlackElo "1703"]
[PlyCount "77"]
[EventDate "2013.03.22"]
[EventType "swiss"]
[EventRounds "6"]
[EventCountry "BRA"]
[SourceTitle "CBM 153 Extra"]
[Source "ChessBase"]
[SourceDate "2013.04.22"]
[SourceVersion "1"]
[SourceVersionDate "2013.04.22"]
[SourceQuality "1"]

1. d4 e6 2. c4 f5 3. Nc3 Nf6 4. f3 Bb4 5. e3 Bxc3+ 6. bxc3 0-0 7. Bd3 b6 8. Qc2 Bb7 9. Ne2 d6 10. a4 a5 11. 0-0 Nbd7 12. e4 fxe4 13. fxe4 Qe8 14. Ng3 e5 15. Bd2 Kh8 16. Nf5 Qg6 17. d5 Nc5 18. Rf3 Qe8 19. Be3 Nfd7 20. Qe2 Nxd3 21. Qxd3 g6 22. Nh4 Qe7 23. Rxf8+ Rxf8 24. Nf3 Nf6 25. Bh6 Rc8 26. Rf1 c6 27. Ng5 cxd5 28. cxd5 Rg8 29. Ne6 Bc8 30. Bg5 Rf8 31. Nxf8 Qxf8 32. Bxf6+ Kg8 33. Bxe5 Qe7 34. Bd4 Qa7 35. Qf3 Qe7 36. Bxb6 Ba6 37. Re1 Qb7 38. Bxa5 Qa7+ 39. Qe3 1-0

[Event "Mogi das Cruzes op 06"]
[Site "Mogi das Cruzes"]
[Date "2012.06.24"]
[Round "6"]
[White "Da Silva, Robson Batista"]
[Black "Tamarozi, Isabelle"]
[Result "1-0"]
[WhiteElo "1691"]
[BlackElo "1675"]
[PlyCount "77"]
[EventDate "2012.06.22"]
[EventType "swiss"]
[EventRounds "6"]
[EventCountry "BRA"]
[SourceTitle "CBM 149 Extra"]
[Source "ChessBase"]
[SourceDate "2012.08.24"]
[SourceVersion "1"]
[SourceVersionDate "2012.08.24"]
[SourceQuality "1"]

1. e4 c5 2. c3 Nf6 3. e5 Nd5 4. d4 cxd4 5. Qxd4 Nc6 6. Qxd5 Qc7 7. Nf3 e6 8. Qe4 d5 9. Qe2 Be7 10. g3 0-0 11. Bg2 f6 12. exf6 Bxf6 13. 0-0 e5 14. h3 Be6 15. Na3 Qd7 16. Kh2 h6 17. Nc2 g5 18. g4 Rf7 19. Ne3 d4 20. cxd4 exd4 21. Nc4 d3 22. Qe4 Bxc4 23. Qxc4 Ne5 24. Nxe5 Bxe5+ 25. Kg1 Raf8 26. Qb3 Kg7 27. Bd5 Rf6 28. Rd1 Rxf2 29. Rd2 R8f6 30. Qxd3 Rxd2 31. Bxd2 Rd6 32. Bc3 Rxd5 33. Bxe5+ Kf8 34. Qf3+ Ke8 35. Re1 Qb5 36. Qf6 Qd3 37. Bd6+ Kd7 38. Qe7+ Kc6 39. Rc1+ 1-0

[Event "Osasco op"]
[Site "Osasco"]
[Date "2012.04.20"]
[Round "1"]
[White "Da Silva, Robson Batista"]
[Black "Quintiliano Pinto, Renato Rodrigues"]
[Result "0-1"]
[WhiteElo "1703"]
[BlackElo "2270"]
[PlyCount "65"]
[EventDate "2012.04.20"]
[EventType "swiss"]
[EventRounds "6"]
[EventCountry "BRA"]
[SourceTitle "CBM 148 Extra"]
[Source "ChessBase"]
[SourceDate "2012.06.22"]
[SourceVersion "1"]
[SourceVersionDate "2012.06.22"]
[SourceQuality "1"]

1. e4 c5 2. c3 Nf6 3. e5 Nd5 4. d4 cxd4 5. Qxd4 e6 6. Nf3 Nc6 7. Qe4 f5 8. Qe2 Qc7 9. g3 b6 10. Bg2 Ncb4 11. 0-0 Ba6 12. Qd1 Bxf1 13. Bxf1 Nc6 14. Qe2 b5 15. Nbd2 Rb8 16. Nb3 Be7 17. Nbd4 Nxd4 18. Nxd4 a6 19. Bg2 Nb6 20. Qh5+ g6 21. Qe2 0-0 22. Nf3 Qc4 23. Qd1 b4 24. cxb4 Qxb4 25. h4 Rfc8 26. a3 Qc4 27. Qd2 Qc2 28. Qh6 Bf8 29. Qg5 Rc4 30. Nh2 Bc5 31. Be3 Qxb2 32. Rd1 Bxe3 33. fxe3 0-1

[Event "Altinopolis op 1st"]
[Site "Altinopolis"]
[Date "2012.02.03"]
[Round "2"]
[White "Da Silva, Robson Batista"]
[Black "Lopes, Edson"]
[Result "0-1"]
[WhiteElo "1703"]
[BlackElo "1784"]
[PlyCount "98"]
[EventDate "2012.02.03"]
[EventType "swiss"]
[EventRounds "6"]
[EventCountry "BRA"]
[SourceTitle "CBM 147 Extra"]
[Source "ChessBase"]
[SourceDate "2012.04.24"]
[SourceVersion "1"]
[SourceVersionDate "2012.04.24"]
[SourceQuality "1"]

1. e4 c5 2. c3 Nc6 3. Nf3 d6 4. d4 cxd4 5. cxd4 a6 6. Nc3 Nf6 7. h3 g6 8. Bc4 Bg7 9. 0-0 0-0 10. Bg5 b5 11. Bd3 Bb7 12. a3 Qb6 13. Bxf6 Bxf6 14. Nd5 Qa7 15. Nxf6+ exf6 16. Bc2 Na5 17. Re1 Rfe8 18. b3 d5 19. e5 fxe5 20. Rxe5 f6 21. Re2 Nc6 22. Rxe8+ Rxe8 23. Qd2 Kg7 24. b4 Bc8 25. Rc1 Ne7 26. Qf4 Qd7 27. Bb3 Nc6 28. Bc2 Nd8 29. Qg3 Ne6 30. Qh4 Qd6 31. Re1 Bd7 32. Rc1 Qf4 33. Qxf4 Nxf4 34. Kf1 Rc8 35. Ne1 Bf5 36. f3 Nd3 37. Nxd3 Bxd3+ 38. Ke1 Rxc2 39. Rxc2 Bxc2 40. Kd2 Bb3 41. f4 h6 42. Kc3 Bc4 43. g3 Bf1 44. h4 Bh3 45. Kd2 g5 46. hxg5 hxg5 47. Ke3 Kg6 48. Kf3 Kf5 49. fxg5 Kxg5 0-1

[Event "Batatais op 2nd"]
[Site "Batatais"]
[Date "2011.12.17"]
[Round "3"]
[White "Ribeiro, Leandro Novais"]
[Black "Da Silva, Robson Batista"]
[Result "1/2-1/2"]
[WhiteElo "1715"]
[BlackElo "1705"]
[PlyCount "68"]
[EventDate "2011.12.16"]
[EventType "swiss"]
[EventRounds "6"]
[EventCountry "BRA"]
[SourceTitle "EXT 2013"]
[Source "ChessBase"]
[SourceDate "2012.11.22"]
[SourceVersion "1"]
[SourceVersionDate "2012.11.22"]
[SourceQuality "1"]

1. e4 e6 2. d3 d5 3. Nd2 c5 4. Ngf3 Nc6 5. Be2 Nf6 6. 0-0 Be7 7. b3 0-0 8. Bb2 d4 9. c3 e5 10. Rc1 Bg4 11. h3 Bh5 12. Nxe5 Bxe2 13. Nxc6 Bxd1 14. Nxd8 Rfxd8 15. Rfxd1 dxc3 16. Rxc3 b5 17. e5 Nd5 18. Rcc1 Nb4 19. Ne4 Nxd3 20. Rb1 Nxb2 21. Rxd8+ Rxd8 22. Rxb2 Rd4 23. f3 Kf8 24. Kf2 f5 25. exf6 Bxf6 26. Nxf6 gxf6 27. Ke3 Kf7 28. f4 a5 29. g4 h6 30. Rc2 Rd5 31. Ke4 Ke6 32. h4 f5+ 33. gxf5+ Rxf5 34. Rg2 Kf6 1/2-1/2

[Event "Itapetininga Alves Memorial"]
[Site "Itapetininga"]
[Date "2010.10.11"]
[Round "3.15"]
[White "Da Silva, Robson Batista"]
[Black "Silva, Luis Fernando Alves"]
[Result "1-0"]
[WhiteElo "1684"]
[BlackElo "1576"]
[PlyCount "101"]
[EventDate "2010.10.09"]
[EventType "swiss"]
[EventRounds "6"]
[EventCountry "BRA"]
[SourceTitle "EXT 2022"]
[Source "ChessBase"]
[SourceDate "2021.10.06"]
[SourceVersion "1"]
[SourceVersionDate "2021.10.06"]
[SourceQuality "1"]

1. e4 c5 2. c3 d6 3. d4 cxd4 4. cxd4 e6 5. Nf3 Nf6 6. Nc3 a6 7. Bd3 Nc6 8. 0-0 b5 9. Qe2 Bb7 10. Re1 Be7 11. e5 dxe5 12. dxe5 Nd7 13. Bf4 Nc5 14. Bc2 Nd4 15. Nxd4 Qxd4 16. Bg3 0-0 17. Rad1 Qb4 18. a3 Qa5 19. Bf4 Qc7 20. b4 Qc6 21. Qg4 f5 22. exf6 Bxf6 23. Qh3 g6 24. Be5 Bh4 25. Re2 Na4 26. Nxa4 Bxf2+ 27. Kh1 bxa4 28. Bxg6 Qxg2+ 29. Qxg2 Bxg2+ 30. Kxg2 hxg6 31. Rxf2 Rac8 32. Rxf8+ Kxf8 33. Kf3 Rc2 34. Rg1 Ra2 35. Ra1 Rd2 36. Ke3 Rd5 37. Rf1+ Ke7 38. Ke4 Rd2 39. h4 Re2+ 40. Kd4 Ra2 41. Rf3 Ra1 42. Kc5 Re1 43. Bf6+ Kd7 44. Kb6 Rd1 45. Kxa6 Rd5 46. b5 e5 47. Ka5 e4 48. Re3 Ke6 49. Bg5 Kf5 50. Kxa4 Rd4+ 51. Ka5 1-0

[Event "Itapetininga Alves Memorial"]
[Site "Itapetininga"]
[Date "2010.10.10"]
[Round "2.14"]
[White "Branchini, Fernando Luis Sakam"]
[Black "Da Silva, Robson Batista"]
[Result "1-0"]
[WhiteElo "1866"]
[BlackElo "1684"]
[PlyCount "57"]
[EventDate "2010.10.09"]
[EventType "swiss"]
[EventRounds "6"]
[EventCountry "BRA"]
[SourceTitle "EXT 2022"]
[Source "ChessBase"]
[SourceDate "2021.10.06"]
[SourceVersion "1"]
[SourceVersionDate "2021.10.06"]
[SourceQuality "1"]

1. e4 e6 2. d4 d5 3. e5 c5 4. c3 Nc6 5. Nf3 Qb6 6. Be2 Bd7 7. 0-0 Nh6 8. Bxh6 gxh6 9. b3 cxd4 10. cxd4 Bg7 11. Nc3 Na5 12. Rc1 0-0 13. Bd3 f6 14. Bb1 Be8 15. Nh4 Rc8 16. Qd3 f5 17. Nxd5 exd5 18. Rxc8 Qe6 19. Rc5 Nc6 20. f4 Rf7 21. Nxf5 Bf8 22. Rcc1 Nb4 23. Qg3+ Kh8 24. Ne3 Rg7 25. f5 Qb6 26. Qf4 Bb5 27. Rc8 Kg8 28. f6 Rf7 29. Qg4+ 1-0

[Event "Itapetininga de Souza Memorial"]
[Site "Itapetininga"]
[Date "2010.08.29"]
[Round "5.9"]
[White "Da Silva, Robson Batista"]
[Black "Bucci, Andrea Vidigal"]
[Result "0-1"]
[WhiteElo "1684"]
[BlackElo "1853"]
[PlyCount "38"]
[EventDate "2010.08.28"]
[EventType "swiss"]
[EventRounds "5"]
[EventCountry "BRA"]
[SourceTitle "EXT 2022"]
[Source "ChessBase"]
[SourceDate "2021.10.06"]
[SourceVersion "1"]
[SourceVersionDate "2021.10.06"]
[SourceQuality "1"]

1. e4 d6 2. Nf3 Nd7 3. d4 c6 4. Bd3 e5 5. 0-0 Be7 6. c4 Ngf6 7. Nc3 0-0 8. b3 Qc7 9. Bb2 Rd8 10. Qe2 Nh5 11. g3 Nhf6 12. Kg2 Nf8 13. Rfd1 Ng6 14. Bc2 Nh5 15. Bc1 Qd7 16. dxe5 Qh3+ 17. Kh1 Bg4 18. exd6 Bxd6 19. Re1 Bxg3 0-1

[Event "Itapetininga de Souza Memorial"]
[Site "Itapetininga"]
[Date "2010.08.28"]
[Round "3.9"]
[White "Da Silva, Robson Batista"]
[Black "Alboredo, Julia"]
[Result "1-0"]
[WhiteElo "1684"]
[BlackElo "1826"]
[PlyCount "77"]
[EventDate "2010.08.28"]
[EventType "swiss"]
[EventRounds "5"]
[EventCountry "BRA"]
[SourceTitle "EXT 2022"]
[Source "ChessBase"]
[SourceDate "2021.10.06"]
[SourceVersion "1"]
[SourceVersionDate "2021.10.06"]
[SourceQuality "1"]

1. e4 c5 2. c3 g6 3. d4 cxd4 4. cxd4 d5 5. e5 Bg7 6. Nf3 Bg4 7. h3 Bxf3 8. Qxf3 e6 9. Nc3 Ne7 10. Nb5 0-0 11. Bd3 Nbc6 12. Be3 a6 13. Nc3 Qb6 14. 0-0 Qxb2 15. Ne2 Qb6 16. Rfb1 Qa7 17. Rb2 Rab8 18. a4 Rfc8 19. a5 Nd8 20. h4 Rc6 21. Rba2 Ra8 22. h5 b6 23. axb6 Qxb6 24. Rxa6 Rxa6 25. Rxa6 Qb3 26. Rxc6 Ndxc6 27. Bg5 Nf5 28. hxg6 fxg6 29. Bxf5 Qxf3 30. Bxe6+ Kf8 31. gxf3 h6 32. Bc1 g5 33. Bxd5 Nd8 34. f4 g4 35. Ng3 Nf7 36. Nf5 Bh8 37. Bxf7 Kxf7 38. Nxh6+ Ke6 39. Be3 1-0

[Event "Ribeirao Preto Canarinho 1st U2200"]
[Site "Ribeirao Preto"]
[Date "2010.05.29"]
[Round "3.23"]
[White "Da Silva, Robson Batista"]
[Black "Oliveira, Fernando Henrique"]
[Result "0-1"]
[WhiteElo "1684"]
[BlackElo "2032"]
[PlyCount "68"]
[EventDate "2010.05.28"]
[EventType "swiss"]
[EventRounds "6"]
[EventCountry "BRA"]
[SourceTitle "EXT 2022"]
[Source "ChessBase"]
[SourceDate "2021.10.06"]
[SourceVersion "1"]
[SourceVersionDate "2021.10.06"]
[SourceQuality "1"]

1. d4 Nf6 2. Nf3 g6 3. e3 Bg7 4. Be2 0-0 5. 0-0 d6 6. c4 Bg4 7. Nbd2 Nfd7 8. b3 Nc6 9. Bb2 Re8 10. h3 Bxf3 11. Nxf3 e5 12. d5 Ne7 13. e4 h6 14. Nh2 f5 15. exf5 Nxf5 16. Qc2 Rf8 17. Rfe1 Qh4 18. Nf3 Qe7 19. Nh2 Nh4 20. Bg4 h5 21. Be6+ Kh8 22. Re3 Nc5 23. g3 Nxe6 24. gxh4 Nf4 25. Nf3 Bh6 26. Kh2 Rf5 27. Rg1 Raf8 28. Rf1 Nxd5 29. cxd5 Bxe3 30. fxe3 Rxf3 31. Rxf3 Rxf3 32. Qg2 Qf6 33. Kg1 Rxe3 34. Kh2 Qf4+ 0-1